000 00439nam a2200181Ia 4500
005 20250423095343.0
008 250422s9999 xx 000 0 und d
020 _a0-201-55037-7
050 _aHF 5635 .D795/
100 _aWilliam G. Droms
245 0 _aFinance & Accounting for Nonfinancial Managers
260 _aNew York
260 _bAddison-Wesley
260 _c1990
300 _a244 p
650 _aAccounting
942 _cBK
999 _c30020
_d30020